| 000 | 00346nam a2200133Ia 4500 | ||
|---|---|---|---|
| 008 | 240624s9999 xx 000 0 und d | ||
| 041 | _aeng | ||
| 082 | _a303.48 MUK | ||
| 100 | _aMUKHERJEE PARAMITA | ||
| 245 | _aCHINA AND INDIA HISTORY CULTURE COOPERAT | ||
| 260 |
_c2016 _aNew Delhi _bsage |
||
| 300 | _axxvi, 232 p.; 23 cm. | ||
| 365 |
_cRS _b32 |
||
| 999 |
_c29872 _d29872 |
||